00526nam a2200133Ia 4500008004100000020002200041100002500063245007400088260004900162300002800211650001600239999001900255952011800274200907s9999 xx 000 0 und d a978-971-98-1073-3 aEarnhart, Richard T. cRichard T. Earnhart, Edgar M. AdinaaMathematics in the modern world/ aQuezon City:bC and E Publishing, Inc.c2018 aviii, 352 pagesc20 cm. aMathematics c364061d364061 001040aCLbCLcFILd2020-09-07eLibrary Fundl0oQA 37.2 .E27 2018pC22240r2020-09-07 00:00:00w2020-09-07yBK